LEADER 04357nam 22007695 450 001 9910640380203321 005 20251009103123.0 010 $a9783031047763$b(electronic bk.) 010 $z9783031047756 024 7 $a10.1007/978-3-031-04776-3 035 $a(MiAaPQ)EBC7174820 035 $a(Au-PeEL)EBL7174820 035 $a(CKB)25994465000041 035 $a(DE-He213)978-3-031-04776-3 035 $a(PPN)267808313 035 $a(EXLCZ)9925994465000041 100 $a20230106d2022 u| 0 101 0 $aeng 135 $aurcnu|||||||| 181 $ctxt$2rdacontent 182 $cc$2rdamedia 183 $acr$2rdacarrier 200 10$aAtomic and Molecular Spectroscopy $eBasic Aspects and Practical Applications /$fby Sune Svanberg 205 $a5th ed. 2022. 210 1$aCham :$cSpringer International Publishing :$cImprint: Springer,$d2022. 215 $a1 online resource (xx, 686 pages) $cillustrations (some color) 225 1 $aGraduate Texts in Physics,$x1868-4521 311 08$aPrint version: Svanberg, Sune Atomic and Molecular Spectroscopy Cham : Springer International Publishing AG,c2023 9783031047756 320 $aIncludes bibliographical references and index. 327 $aIntroduction -- Atomic Structure -- Molecular Structure -- Radiation and Scattering Processes -- Spectroscopy of Inner Electrons. 330 $aThis textbook delivers a comprehensive review of modern spectroscopy encompassing a plethora of various X-ray, photoelectron, optical and laser, as well as radiofrequency and microwave spectroscopic techniques. On the fundamental side, it focuses on physical principles and the impact of spectroscopy on our understanding of the building blocks of matter, while in the area of applications, particular attention is given to those in chemical analysis, photochemistry, surface characterization, environmental and medical diagnostics, remote sensing at short and long ranges, and astrophysics. It features detailed discussion of laser cooling and trapping, Bose?Einstein condensation, ultra-fast spectroscopy, high-power laser?matter interaction, spectroscopy and imaging in astronomy, and various spectroscopic aspects of laser medicine. This thoroughly updated and significantly expanded 5th edition of Svanberg?s Atomic and Molecular Spectroscopy includes a new section on the interplay of optical spectroscopy and multispectral imaging, as well as new coverage of laser-spectroscopic applications to cultural heritage monitoring, ecology, optical mammography, and photoacoustic tomography. For newcomers to the field, it introduces a new section on the fundamentals of quantum mechanics, providing a brief primer to those students without formal experience in the subject. Based on the author?s 50-year career lecturing on spectroscopy and its interdisciplinary applications, the book features over 100 chapter-end questions and close to 3000 references, offering a wealth of meticulously curated experience and pedagogical insight to graduate and advanced undergraduate students throughout physics, chemistry, biology, and materials science. 410 0$aGraduate Texts in Physics,$x1868-4521 606 $aAtomic structure 606 $aMolecular structure 606 $aMolecular spectroscopy 606 $aOptical spectroscopy 606 $aLasers 606 $aQuantum optics 606 $aCancer$xImaging 606 $aAtomic and Molecular Structure and Properties 606 $aMolecular Spectroscopy 606 $aOptical Spectroscopy 606 $aLaser 606 $aQuantum Optics 606 $aCancer Imaging 615 0$aAtomic structure. 615 0$aMolecular structure. 615 0$aMolecular spectroscopy. 615 0$aOptical spectroscopy. 615 0$aLasers. 615 0$aQuantum optics. 615 0$aCancer$xImaging. 615 14$aAtomic and Molecular Structure and Properties. 615 24$aMolecular Spectroscopy. 615 24$aOptical Spectroscopy. 615 24$aLaser. 615 24$aQuantum Optics. 615 24$aCancer Imaging. 676 $a294.33653 676 $a539.7 700 $aSvanberg$b S$g(Sune),$f1943-$049275 801 0$bMiAaPQ 801 1$bMiAaPQ 801 2$bMiAaPQ 912 $a9910640380203321 996 $aAtomic and molecular spectroscopy$91413927 997 $aUNINA